[Event "4e open Saint Chély d'Aubrac"]
[Site "Saint Chély d'Aubrac"]
[Date "2004.07.21"]
[Round "6.24"]
[White "Lengert, Martin"]
[Black "Tholey, Jean-Paul"]
[Result "1-0"]
[WhiteElo "1810"]
[BlackElo "2057"]
[PlyCount "57"]

1. d4 Nf6 2. c4 g6 3. Nc3 d5 4. Nf3 Bg7 5. Bf4 O-O 6. e3 c5 7. dxc5 Qa5 8. Qd2
dxc4 9. Bxc4 Rd8 10. Qc2 Bf5 11. Qb3 Ne4 12. Bxf7+ Kf8 13. Be5 Nxc5 14. Bxg7+
Kxg7 15. Qc4 Bd3 16. Qf4 Nc6 17. Ng5 Rd6 18. Bd5 Rf8 19. Qh4 Rxd5 20. Qxh7+ Kf6
21. Qh4 Rxg5 22. f4 Ne4 23. fxg5+ Nxg5 24. O-O-O Ne5 25. Qf4+ Bf5 26. Rd5 Qc7
27. g4 e6 28. Kd1 exd5 29. Nxd5+ 1-0

[Event "4e open Saint Chély d'Aubrac"]
[Site "Saint Chély d'Aubrac"]
[Date "2004.07.21"]
[Round "6.25"]
[White "Sivan, Michel"]
[Black "Rivier, Sylvain"]
[Result "1-0"]
[WhiteElo "1984"]
[BlackElo "1460"]
[PlyCount "33"]

1. e4 e6 2. d4 d5 3. exd5 exd5 4. Bd3 Nf6 5. Nf3 Bg4 6. O-O Be7 7. c3 O-O 8.
Nbd2 Nbd7 9. Qc2 Re8 10. h3 Bh5 11. Ne5 Bd6 12. f4 Ne4 13. Nxe4 dxe4 14. Bxe4
Bxe5 15. fxe5 Bg6 16. Bxg6 fxg6 17. Qb3+ 1-0

[Event "4e open Saint Chély d'Aubrac"]
[Site "Saint Chély d'Aubrac"]
[Date "2004.07.21"]
[Round "6.26"]
[White "Joli, Laurent"]
[Black "Moutaux, Robert"]
[Result "1-0"]
[WhiteElo "1780"]
[BlackElo "1957"]
[PlyCount "97"]

1. d4 Nf6 2. c4 g6 3. Nc3 Bg7 4. e4 d6 5. Bd3 Nbd7 6. Nf3 O-O 7. O-O c5 8. d5
e5 9. Ne1 Nh5 10. Ne2 Nb6 11. Qc2 f5 12. f4 fxe4 13. Bxe4 Qf6 14. Bd2 exf4 15.
Bc3 Qe7 16. Bxg7 Qxg7 17. Nd3 g5 18. b3 Re8 19. Nf2 Nf6 20. Bd3 Nbd7 21. Rae1
Ne5 22. Ne4 Nxe4 23. Bxe4 Ng4 24. Nxf4 Qd4+ 25. Kh1 Rxe4 26. Qxe4 Qxe4 27. Rxe4
gxf4 28. Rexf4 Bd7 29. h3 Ne5 30. Rf6 Re8 31. Rxd6 Bc8 32. Rdf6 Nd7 33. Re6 Rf8
34. Rxf8+ Kxf8 35. d6 a6 36. a4 b6 37. Kh2 Nb8 38. Re7 Bf5 39. g4 Bc2 40. Rb7
Nc6 41. Rxb6 Ne5 42. Rb7 Nf3+ 43. Kg3 Nd4 44. Rb8+ Kf7 45. d7 Nc6 46. d8=Q Nxd8
47. Rxd8 Bxb3 48. a5 Bxc4 49. Rc8 1-0

[Event "4e open Saint Chély d'Aubrac"]
[Site "Saint Chély d'Aubrac"]
[Date "2004.07.21"]
[Round "6.27"]
[White "Alexiev, Ivan"]
[Black "Guidez, Thomas"]
[Result "0-1"]
[WhiteElo "1499"]
[BlackElo "1892"]
[PlyCount "72"]

1. e4 d5 2. exd5 Qxd5 3. Nc3 Qa5 4. h3 Bf5 5. Nf3 e6 6. d3 c6 7. Be2 Nf6 8. O-O
Qc7 9. Bg5 Nbd7 10. Re1 h6 11. Bh4 Bd6 12. Bxf6 Nxf6 13. Nd2 Bb4 14. Nc4 Nd5
15. Qd2 a5 16. Nxd5 cxd5 17. c3 Be7 18. Ne3 Bg6 19. Bf3 Rd8 20. d4 O-O 21. a3
Rc8 22. Rac1 Qf4 23. Nf1 Qd6 24. Ng3 Bg5 25. Qe2 Bxc1 26. Rxc1 Qb6 27. Re1 Qb3
28. Bh5 Qc2 29. Bxg6 Qxg6 30. Qb5 Ra8 31. Qxb7 Rfb8 32. Qe7 Rxb2 33. h4 Rab8
34. Re3 Rb1+ 35. Kh2 Qg4 36. Rf3 f6 0-1

[Event "4e open Saint Chély d'Aubrac"]
[Site "Saint Chély d'Aubrac"]
[Date "2004.07.21"]
[Round "6.28"]
[White "Croux, Laurent"]
[Black "Sidibe, Malika"]
[Result "1/2-1/2"]
[WhiteElo "1770"]
[BlackElo "1820"]
[PlyCount "35"]

1. e4 c5 2. Nc3 Nc6 3. f4 e6 4. Nf3 d5 5. exd5 exd5 6. Bb5 Nf6 7. Qe2+ Be7 8.
Ne5 Qc7 9. Bxc6+ bxc6 10. d3 O-O 11. O-O Bd6 12. Bd2 Re8 13. Qf3 Bxe5 14. fxe5
Qxe5 15. Rae1 Qd4+ 16. Be3 Qb4 17. Bg5 Qd4+ 18. Be3 {(=)} 1/2-1/2

[Event "4e open Saint Chély d'Aubrac"]
[Site "Saint Chély d'Aubrac"]
[Date "2004.07.21"]
[Round "6.30"]
[White "Lengert, Vincent"]
[Black "Lassis, Patrick"]
[Result "1-0"]
[WhiteElo "1690"]
[BlackElo "1750"]
[PlyCount "109"]

1. e4 c5 2. Nf3 Nc6 3. d4 cxd4 4. Nxd4 Nf6 5. Nc3 e6 6. Nxc6 bxc6 7. e5 Ng8 8.
Bf4 Qa5 9. a3 Ne7 10. b4 Qc7 11. Ne4 Nd5 12. Nd6+ Bxd6 13. exd6 Qb8 14. Bg3 O-O
15. h4 f5 16. Be5 Nf6 17. h5 h6 18. Bc4 a5 19. c3 Ba6 20. Bxa6 Rxa6 21. Rh3 Qb5
22. Qd4 axb4 23. cxb4 Qd5 24. f3 Qxd4 25. Bxd4 Nd5 26. Kd2 f4 27. g3 Rf5 28. g4
Rg5 29. Rh2 Nf6 30. Bxf6 gxf6 31. Kc3 Rd5 32. Rd2 Kf7 33. Rxd5 cxd5 34. b5 Rxd6
35. Kd4 e5+ 36. Kc5 Ke6 37. b6 Rc6+ 38. Kb5 Kd6 39. Ka6 Rc4 40. a4 Kc6 41. a5
e4 42. fxe4 dxe4 43. b7 Rb4 44. Rc1+ Kd5 45. Ka7 e3 46. b8=Q Rxb8 47. Kxb8 e2
48. a6 f3 49. a7 f2 50. a8=Q+ Kd4 51. Qa7+ Kd3 52. Qxf2 d5 53. Re1 d4 54. Qxe2+
Kc3 55. Rc1+ 1-0

[Event "4e open Saint Chély d'Aubrac"]
[Site "Saint Chély d'Aubrac"]
[Date "2004.07.21"]
[Round "6.31"]
[White "Lagunes, Matthieu"]
[Black "Desboeufs, Claude"]
[Result "1/2-1/2"]
[WhiteElo "1730"]
[BlackElo "1622"]
[PlyCount "44"]

1. e4 d6 2. d4 Nf6 3. f3 g6 4. c4 Bg7 5. Nc3 O-O 6. Be3 Nbd7 7. Qd2 a6 8. g4 e5
9. d5 Re8 10. h4 Nf8 11. Bd3 N6d7 12. h5 Bf6 13. Nge2 g5 14. Ng3 Nc5 15. h6 Ng6
16. Nh5 Nf4 17. Nxf4 exf4 18. Bxc5 dxc5 19. O-O-O Re5 20. Bc2 Qd6 21. a3 Bd7
22. Ne2 Be7 1/2-1/2

[Event "4e open Saint Chély d'Aubrac"]
[Site "Saint Chély d'Aubrac"]
[Date "2004.07.21"]
[Round "6.32"]
[White "Baudry, Alain"]
[Black "Pierre, Alexis"]
[Result "0-1"]
[WhiteElo "1710"]
[BlackElo "1580"]
[PlyCount "127"]

1. d4 d5 2. c4 c6 3. Nc3 Nf6 4. Nf3 dxc4 5. a4 Bf5 6. Nh4 Bg6 7. Nxg6 hxg6 8.
e4 e6 9. Bxc4 Bb4 10. f3 Qc7 11. e5 Nfd7 12. Be3 Nb6 13. Bb3 Nd5 14. Bd2 Bxc3
15. bxc3 Nd7 16. c4 Ne7 17. O-O Nf5 18. Bf4 Qb6 19. c5 Qc7 20. g4 Ne7 21. Bg3
Rd8 22. Qc2 Nb8 23. Rad1 Nd5 24. Qd2 Na6 25. Qg5 Qe7 26. Qd2 Ndc7 27. Qc2 Nb4
28. Qe4 Qd7 29. f4 Nbd5 30. Rf3 Kf8 31. Rdf1 Ne7 32. Rd1 Qc8 33. Be1 Rd7 34.
Bg3 Qd8 35. f5 gxf5 36. gxf5 Nxf5 37. Rxf5 exf5 38. Qxf5 Nd5 39. e6 Ne3 40. e7+
Rxe7 41. Qf4 Nxd1 42. Bxd1 f6 43. Qg4 Qd7 44. Bd6 Qxg4+ 45. Bxg4 Rh4 46. Bc8
Ke8 47. Bxe7 Kxe7 48. Bxb7 Rxd4 49. Bxc6 Rc4 50. Bb5 Rxc5 51. Kg2 Rc3 52. Kf2
f5 53. Kg2 g5 54. Kf2 g4 55. Kg2 f4 56. Kf2 Ke6 57. Kg2 Kf5 58. Kf2 Rc2+ 59.
Kg1 Rd2 60. Kh1 Ke4 61. Kg1 Ke3 62. Bc6 f3 63. Bb5 Rg2+ 64. Kh1 0-1

[Event "4e open Saint Chély d'Aubrac"]
[Site "Saint Chély d'Aubrac"]
[Date "2004.07.21"]
[Round "6.33"]
[White "Trzesniower, Jacques"]
[Black "Dury, Renaud"]
[Result "0-1"]
[WhiteElo "1390"]
[BlackElo "1690"]
[PlyCount "36"]

1. c4 b6 2. Nc3 c5 3. Nf3 Bb7 4. e3 e6 5. Be2 Nf6 6. Qc2 Be7 7. b3 O-O 8. Bb2
Nc6 9. O-O d5 10. cxd5 Nxd5 11. Nxd5 Qxd5 12. Bc4 Qd8 13. Bd3 h6 14. Qc4 Nb4
15. Qc3 Bf6 16. Ne5 Qd5 17. e4 Qxe5 18. Qxe5 Bxe5 0-1

[Event "4e open Saint Chély d'Aubrac"]
[Site "Saint Chély d'Aubrac"]
[Date "2004.07.21"]
[Round "6.34"]
[White "Wavresky, Andre"]
[Black "Landwerlin, Pascal"]
[Result "1/2-1/2"]
[WhiteElo "1640"]
[BlackElo "1499"]
[PlyCount "67"]

1. e4 e6 2. Qe2 b6 3. g3 Ba6 4. d3 Nc6 5. Nf3 Nf6 6. Bg2 Bc5 7. O-O e5 8. a3
Nd4 9. Nxd4 Bxd4 10. Nd2 Bc5 11. Nf3 Qe7 12. b4 Bd4 13. Nxd4 exd4 14. Re1 c6
15. Bb2 h5 16. Bxd4 h4 17. Bxf6 gxf6 18. Qf3 hxg3 19. fxg3 O-O-O 20. Rf1 Rh6
21. Qf4 Rdh8 22. h3 d6 23. Qf3 Kc7 24. e5 Bb7 25. exd6+ Qxd6 26. Qf4 Qxf4 27.
Rxf4 Bc8 28. h4 Rg6 29. Kf2 Re8 30. Re4 Be6 31. Rae1 Kd6 32. Rd4+ Kc7 33. Rde4
Rd8 34. R4e3 1/2-1/2

[Event "4e open Saint Chély d'Aubrac"]
[Site "Saint Chély d'Aubrac"]
[Date "2004.07.21"]
[Round "6.35"]
[White "Paci, Romain"]
[Black "Capron, Michel"]
[Result "1-0"]
[WhiteElo "1700"]
[BlackElo "1400"]
[PlyCount "49"]

1. e4 e5 2. Nf3 Nc6 3. Bb5 Nf6 4. Bxc6 dxc6 5. d3 Bd6 6. Be3 Be6 7. O-O h6 8.
Nbd2 O-O 9. c3 Nh7 10. Qc2 f5 11. exf5 Rxf5 12. d4 Qf6 13. dxe5 Bxe5 14. Nxe5
Qxe5 15. Bd4 Qd6 16. Ne4 Qe7 17. Rfe1 Qf7 18. Re3 Bxa2 19. Rae1 Bb3 20. Qc1 b6
21. Ng3 Rxf2 22. Re7 Rc2 23. Qe3 Qd5 24. Rxg7+ Kf8 25. Qe7# 1-0

[Event "4e open Saint Chély d'Aubrac"]
[Site "Saint Chély d'Aubrac"]
[Date "2004.07.21"]
[Round "6.36"]
[White "Lagunes, Robin"]
[Black "Tabaroni, Serge"]
[Result "0-1"]
[WhiteElo "1320"]
[BlackElo "1650"]
[PlyCount "62"]

1. d4 Nf6 2. Nf3 g6 3. c4 Bg7 4. Bg5 O-O 5. e3 d6 6. Nc3 Bg4 7. h3 Bf5 8. Bd3
Bxd3 9. Qxd3 Nc6 10. O-O-O a5 11. Ne4 Nb4 12. Nxf6+ exf6 13. Qb3 fxg5 14. a3
Na6 15. Qxb7 Qe7 16. h4 g4 17. Ng5 h6 18. Ne4 Qe6 19. Ng3 Qxc4+ 20. Kb1 Rab8
21. Qe4 Qb3 22. Rd2 h5 23. Nxh5 gxh5 24. f3 Rfe8 25. Qf5 Qxe3 26. Rc2 gxf3 27.
gxf3 Qxd4 28. Qxh5 Re5 $2 (28... Rxb2+ 29. Kc1 Qe3+ 30. Kd1 Qd3+ 31. Rd2 Qxd2#)
29. Qg4 Qxg4 30. fxg4 Rbe8 31. Rcc1 Re2 0-1

[Event "4e open Saint Chély d'Aubrac"]
[Site "Saint Chély d'Aubrac"]
[Date "2004.07.21"]
[Round "6.38"]
[White "Ruetsch, Johan"]
[Black "Carabetta, Gaetan"]
[Result "1/2-1/2"]
[WhiteElo "1430"]
[BlackElo "1300"]
[PlyCount "41"]

1. e4 c6 2. d4 d5 3. exd5 cxd5 4. Nf3 Bg4 5. Be2 Nf6 6. O-O e6 7. Nbd2 Nc6 8.
h3 Bh5 9. c3 Bd6 10. Qc2 Bg6 11. Bd3 Bxd3 12. Qxd3 Rc8 13. Nb3 O-O 14. Bg5 Re8
15. Bxf6 Qxf6 16. h4 e5 17. Ng5 e4 18. Qe3 h6 19. Nh3 Qxh4 20. Nd2 Ne7 21. f3
1/2-1/2

[Event "4e open Saint Chély d'Aubrac"]
[Site "Saint Chély d'Aubrac"]
[Date "2004.07.22"]
[Round "7.1"]
[White "Popchev, Milko"]
[Black "Apicella, Manuel"]
[Result "1/2-1/2"]
[WhiteElo "2449"]
[BlackElo "2532"]
[PlyCount "84"]

1. d4 Nf6 2. Nf3 g6 3. g3 Bg7 4. Bg2 O-O 5. O-O d6 6. Nc3 d5 7. Re1 c6 8. e4
dxe4 9. Nxe4 Nxe4 10. Rxe4 Bf5 11. Re1 Bg4 12. c3 Nd7 13. Qb3 Nb6 14. h3 Bxf3
15. Bxf3 Re8 16. a4 Qd7 17. a5 Nd5 18. Bg2 e6 19. Bd2 Rad8 20. Rad1 Qc7 21. Bg5
Rd7 22. Qa4 h6 23. Bc1 Red8 24. Bf3 b5 25. axb6 axb6 26. Kg2 b5 27. Qb3 c5 28.
dxc5 Qxc5 29. Be2 b4 30. cxb4 Nxb4 31. Be3 Qa5 32. Rxd7 Rxd7 33. Rd1 Rxd1 34.
Bxd1 Nd5 35. Bf3 {(=)} 35... Nxe3+ 36. Qxe3 Qb4 37. b3 Bd4 38. Qd3 Kg7 39. h4
h5 40. Qc2 Qe1 41. Bc6 Kh6 42. Bb5 Kg7 {(=)} 1/2-1/2

[Event "4e open Saint Chély d'Aubrac"]
[Site "Saint Chély d'Aubrac"]
[Date "2004.07.22"]
[Round "7.2"]
[White "Milanovic, Dino"]
[Black "Collas, Didier"]
[Result "0-1"]
[WhiteElo "2149"]
[BlackElo "2422"]
[PlyCount "112"]

1. e4 c5 2. Nf3 Nc6 3. d4 cxd4 4. Nxd4 Nf6 5. Nc3 d6 6. Bc4 e6 7. Bb3 Na5 8.
O-O Nxb3 9. axb3 a6 10. f4 Be7 11. Be3 O-O 12. Qf3 Qc7 13. Qg3 Bd7 14. f5 Kh8
15. Qh3 e5 16. Nde2 Bc6 17. g4 Nxe4 18. Nxe4 Bxe4 19. Nc3 d5 20. Nxe4 dxe4 21.
g5 Bc5 22. Rf2 f6 23. g6 h6 24. Re1 Rfd8 25. Bxc5 Qxc5 26. Qe3 Qb5 27. Rd2 Rxd2
28. Qxd2 Qb6+ 29. Qe3 Qc7 30. Qxe4 Rd8 31. Re3 Qb6 32. Kg2 Rd2+ 33. Re2 Qc6 34.
Kh3 Rxe2 (34... Qxe4 35. Rxe4 Rxc2 36. Re3 Kg8 37. Rd3) 35. Qxe2 Qd5 36. Qe3
Kg8 37. Kg3 Kf8 38. Qa7 Ke7 39. Qb8 Qd7 40. Qg8 Kd6 41. Qf8+ Qe7 42. Qxe7+ Kxe7
43. Kf3 Kd6 44. Ke4 Kc5 45. b4+ Kc4 46. b3+ Kxb4 47. Kd5 h5 48. Ke6 e4 49. Kf7
e3 50. Kxg7 e2 51. Kxf6 e1=Q 52. g7 Qe8 53. Kg5 Qf7 54. Kh6 h4 55. f6 Qxf6+ 56.
Kh7 Qf7 0-1

[Event "4e open Saint Chély d'Aubrac"]
[Site "Saint Chély d'Aubrac"]
[Date "2004.07.22"]
[Round "7.3"]
[White "Sokolov, Andrei"]
[Black "Voiska, Margarita"]
[Result "1-0"]
[WhiteElo "2583"]
[BlackElo "2387"]
[PlyCount "111"]

1. e4 d6 2. d4 Nf6 3. Nc3 e5 4. Nf3 Nbd7 5. Bc4 Be7 6. O-O O-O 7. a4 c6 8. Re1
a5 9. b3 h6 10. Bb2 Nh7 11. Ne2 Ng5 12. Ng3 Nxf3+ 13. Qxf3 exd4 14. Bxd4 Ne5
15. Qc3 Be6 16. Bxe6 fxe6 17. Bxe5 dxe5 18. Qxe5 Qd6 19. Qxd6 Bxd6 20. Nf1 Bc5
21. Ne3 Rad8 22. Re2 b5 23. g3 Bb6 24. Ng2 Bd4 25. Rf1 g5 26. Ne3 Bc3 27. Rd1
Kf7 28. Kf1 Ke7 29. Rd3 Rxd3 30. cxd3 Kd6 31. Rc2 Bd4 32. Ke2 Bxe3 33. fxe3 Rb8
34. axb5 Rxb5 35. Rc3 g4 36. d4 c5 37. Kd3 cxd4 38. exd4 Rh5 39. Rc2 Rb5 40.
Kc4 Rb4+ 41. Kc3 Rb8 42. Ra2 Rb5 43. Ra4 Rh5 44. e5+ Kc6 45. Ra2 Kb5 46. Re2
Kc6 47. Kc4 Rf5 48. Ra2 Kb6 49. b4 axb4 50. Kxb4 h5 51. Kc4 h4 52. gxh4 Rh5 53.
Rf2 Kc6 54. Rf7 Rxh4 55. Re7 Rh6 56. Rxe6+ 1-0

[Event "4e open Saint Chély d'Aubrac"]
[Site "Saint Chély d'Aubrac"]
[Date "2004.07.22"]
[Round "7.4"]
[White "Meijers, Viesturs"]
[Black "Pucher, Olivier"]
[Result "1/2-1/2"]
[WhiteElo "2477"]
[BlackElo "2294"]
[PlyCount "112"]

1. e4 c5 2. c3 Nf6 3. e5 Nd5 4. d4 cxd4 5. Nf3 e6 6. cxd4 d6 7. Nc3 Nxc3 8.
bxc3 dxe5 9. Nxe5 Nc6 10. Qa4 Bd7 11. Nxd7 Qxd7 12. Be2 Be7 13. O-O O-O 14. Rd1
Rfd8 15. Rb1 a6 16. Qc2 Rac8 17. Qe4 Na5 18. Bd2 b5 19. Bd3 g6 20. h4 Nc4 21.
Be1 Qd5 22. Qg4 h5 23. Qf4 Kg7 24. g3 Bd6 25. Qe4 Qxe4 26. Bxe4 Be7 27. Kf1 Rd7
28. Ke2 Bd8 29. a4 Nd6 30. Bd3 Ba5 31. axb5 axb5 32. Bxb5 Rdc7 33. Rdc1 Nxb5
34. Rxb5 Bxc3 35. Rc5 Rxc5 36. dxc5 Bxe1 37. Kxe1 Kf6 38. f4 e5 39. Ke2 exf4
40. gxf4 Ke6 41. Ke3 Kd5 42. Rd1+ Kc6 43. Rd6+ Kxc5 44. Rf6 Re8+ 45. Kf3 Re7
46. f5 Kd4 47. fxg6 fxg6 48. Rxg6 Rf7+ 49. Kg3 Ke4 50. Rg5 Rf3+ 51. Kg2 Rf5 52.
Rxf5 Kxf5 53. Kf3 Ke5 54. Ke3 Kf5 55. Kf3 Ke5 56. Ke3 Kf5 1/2-1/2

[Event "4e open Saint Chély d'Aubrac"]
[Site "Saint Chély d'Aubrac"]
[Date "2004.07.22"]
[Round "7.5"]
[White "Gaponenko, Inna"]
[Black "Mullon, Jean-Baptiste"]
[Result "1-0"]
[WhiteElo "2448"]
[BlackElo "2327"]
[PlyCount "81"]

1. c4 Nf6 2. Nc3 e5 3. g3 d5 4. cxd5 Nxd5 5. Bg2 Nb6 6. Nf3 Nc6 7. O-O Be7 8.
d3 Be6 9. a4 a5 10. Be3 O-O 11. Nd2 f5 12. Rc1 f4 13. Bxb6 cxb6 14. Nc4 Bc5 15.
Ne4 Bd4 16. Re1 Bg4 17. Qb3 Kh8 18. e3 f3 19. exd4 Nxd4 20. Qd1 Ne2+ 21. Rxe2
fxg2 22. Nxe5 Bxe2 23. Qxe2 Qd4 24. Nc4 Rad8 25. Rc3 b5 26. axb5 a4 27. Kxg2
Rde8 28. Qe3 Qd5 29. Ncd6 Rd8 30. Qc5 Qa2 31. Qc4 Qxb2 32. Nf7+ Rxf7 33. Qxf7
a3 34. Qc7 Rf8 35. Rc2 Qxb5 36. Qc3 Qa6 37. Ra2 Ra8 38. f3 b5 39. Nc5 Rc8 40.
d4 Qe6 41. Qxa3 1-0

[Event "4e open Saint Chély d'Aubrac"]
[Site "Saint Chély d'Aubrac"]
[Date "2004.07.22"]
[Round "7.6"]
[White "Mrdja, Milan"]
[Black "Riff, Jean-Noel"]
[Result "1/2-1/2"]
[WhiteElo "2432"]
[BlackElo "2401"]
[PlyCount "52"]

1. e4 c5 2. Nf3 d6 3. d4 Nf6 4. Nc3 cxd4 5. Nxd4 e6 6. g4 h6 7. h4 Be7 8. Bg2
Nfd7 9. Ndb5 Nb6 10. Bf4 e5 11. Bg3 a6 12. Na3 N8d7 13. Qe2 Nf8 14. O-O-O Ng6
15. h5 Bg5+ 16. Kb1 Nf4 17. Bxf4 Bxf4 18. f3 Be6 19. Qd3 Ke7 20. Ne2 Bg5 21. f4
exf4 22. e5 d5 23. c4 dxc4 24. Qc3 Qc7 25. Qb4+ Ke8 26. Rd6 Nc8 {
suite illisible} 1/2-1/2

[Event "4e open Saint Chély d'Aubrac"]
[Site "Saint Chély d'Aubrac"]
[Date "2004.07.22"]
[Round "7.7"]
[White "Prie, Eric"]
[Black "Hassler, Franck"]
[Result "1-0"]
[WhiteElo "2441"]
[BlackElo "2198"]
[PlyCount "40"]

1. d4 d5 2. Bg5 b6 3. e3 Bb7 4. Nf3 f6 5. Bf4 e6 6. c4 Ne7 7. cxd5 exd5 8. Qc2
c6 9. Bd3 Kf7 10. Nc3 Ng6 11. Bg3 Bd6 12. O-O Bxg3 13. fxg3 Nf8 14. e4 dxe4 15.
Bc4+ Ke8 16. Qxe4+ Qe7 17. Qd3 Kd8 18. Rfe1 Qd6 19. Ne4 Qd7 20. Neg5 fxg5 1-0

[Event "4e open Saint Chély d'Aubrac"]
[Site "Saint Chély d'Aubrac"]
[Date "2004.07.22"]
[Round "7.8"]
[White "Santo-Roman, Marc"]
[Black "Riff, Sebastien"]
[Result "1/2-1/2"]
[WhiteElo "2403"]
[BlackElo "2196"]
[PlyCount "59"]

1. e4 c5 2. Nf3 d6 3. d4 cxd4 4. Nxd4 Nf6 5. Nc3 e6 6. g4 h6 7. h4 Nc6 8. Rg1
h5 9. gxh5 Nxh5 10. Bg5 Nf6 11. Qd2 Qb6 12. Nb3 a6 13. O-O-O Qc7 14. f3 b5 15.
Qf2 Bb7 16. Kb1 Rc8 17. Bh3 Ne5 18. Nd4 Nc4 19. Nce2 Qb6 20. Nf4 Rc7 21. Bxe6
fxe6 22. Nfxe6 Re7 23. Nf4 Ne5 24. Qg2 Rf7 25. Nfe6 Re7 26. Nf4 Rf7 27. Nf5 g6
28. Nd4 Rg8 29. Nfe6 Nc6 30. Ne2 {suite illisible.} 1/2-1/2

[Event "4e open Saint Chély d'Aubrac"]
[Site "Saint Chély d'Aubrac"]
[Date "2004.07.22"]
[Round "7.9"]
[White "Collas, Silvia"]
[Black "Pucher, Sebastien"]
[Result "1-0"]
[WhiteElo "2344"]
[BlackElo "2135"]
[PlyCount "65"]

1. d4 d6 2. Bg5 c6 3. c4 Nd7 4. Nc3 Ngf6 5. Nf3 e5 6. e3 Be7 7. Qc2 O-O 8. Bd3
h6 9. Bh4 Re8 10. O-O Qc7 11. b4 a6 12. c5 dxc5 13. dxc5 Nd5 14. Nxd5 cxd5 15.
Bg3 Bf6 16. e4 dxe4 17. Bxe4 Nf8 18. Rfe1 Bd7 19. Nd2 Bc6 20. Bxc6 Qxc6 21. Ne4
Ne6 22. Nxf6+ gxf6 23. Qd1 Rad8 24. Qg4+ Kh7 25. Qf5+ Kg7 26. Bh4 Nf4 27. Re4
Rd4 28. Qg4+ Kh8 29. Rxd4 Rg8 30. Rxf4 Rxg4 31. Rxg4 h5 32. Rg3 Kh7 33. a3 1-0

[Event "4e open Saint Chély d'Aubrac"]
[Site "Saint Chély d'Aubrac"]
[Date "2004.07.22"]
[Round "7.10"]
[White "Rabineau, Clement"]
[Black "Olivier, Pierre"]
[Result "0-1"]
[WhiteElo "2135"]
[BlackElo "2224"]
[PlyCount "76"]

1. e4 c5 2. Nf3 Nc6 3. d4 cxd4 4. Nxd4 e5 5. Nb5 d6 6. N1c3 a6 7. Na3 b5 8. Nd5
Be7 9. c4 b4 10. Nc2 Rb8 11. Bd3 Nf6 12. Nxe7 Qxe7 13. Bg5 h6 14. Bh4 g5 15.
Bg3 Bg4 16. f3 Be6 17. Ne3 Nd4 18. Bc2 Kf8 19. Bf2 Rc8 20. Bb3 Kg7 21. Nd5 Bxd5
22. cxd5 Nxb3 23. axb3 Qb7 24. Qd3 Ra8 25. Kd2 a5 26. Rhc1 Rhc8 27. Rxc8 Rxc8
28. Rc1 Nh5 29. Rxc8 Qxc8 30. Qc4 Qd8 31. g3 g4 32. Qd3 gxf3 33. Qxf3 Qg5+ 34.
Be3 Qg6 35. Kd3 Nf6 36. Bb6 Nxd5 37. Bxa5 Nf6 38. Bxb4 d5 0-1

[Event "4e open Saint Chély d'Aubrac"]
[Site "Saint Chély d'Aubrac"]
[Date "2004.07.22"]
[Round "7.11"]
[White "Lagunes, Jean-Renaud"]
[Black "Deiller, Pascal"]
[Result "1-0"]
[WhiteElo "2117"]
[BlackElo "2123"]
[PlyCount "95"]

1. e4 e6 2. d4 d5 3. Nc3 dxe4 4. Nxe4 Nd7 5. Nf3 Ngf6 6. Nxf6+ Nxf6 7. Bd3 c5
8. dxc5 Bxc5 9. O-O O-O 10. Ne5 Qc7 11. Qe2 Bd7 12. Bg5 Be7 13. Bxh7+ Kxh7 14.
Qd3+ Kg8 15. Bxf6 Bb5 16. Qxb5 gxf6 17. Nc4 Rac8 18. Ne3 f5 19. c3 Kg7 20. Rad1
Rh8 21. h3 a6 22. Qd7 Rhd8 23. Qxc7 Rxc7 24. Rxd8 Bxd8 25. Rd1 Bf6 26. Kf1 Kg6
27. f4 b5 28. Rd2 a5 29. Ke2 Be7 30. Rd3 Bc5 31. b3 a4 32. b4 Be7 33. Nc2 Bf6
34. Kd2 Rc4 35. Nd4 e5 36. fxe5 Bxe5 37. Nxb5 Rf4 38. Rf3 Re4 39. Na3 Bf6 40.
Nc2 Bg5+ 41. Kd3 Re8 42. b5 Kf6 43. Nd4 f4 44. g3 Ke5 45. gxf4+ Bxf4 46. Nc6+
Kf5 47. b6 Kg5 48. Rxf4 1-0

[Event "4e open Saint Chély d'Aubrac"]
[Site "Saint Chély d'Aubrac"]
[Date "2004.07.22"]
[Round "7.13"]
[White "Todorov, Ognjan"]
[Black "De Lagontrie, Jean"]
[Result "1-0"]
[WhiteElo "2349"]
[BlackElo "1968"]
[PlyCount "55"]

1. d4 e6 2. g3 d5 3. Bg2 c5 4. Nf3 Nc6 5. O-O Nf6 6. c4 Be7 7. cxd5 exd5 8.
dxc5 Bxc5 9. Bg5 Be7 10. Nc3 O-O 11. Nd4 h6 12. Be3 Re8 13. Qc2 Bf8 14. Rad1
Rxe3 15. fxe3 Ne5 16. Qb3 Be6 17. Nxe6 fxe6 18. e4 Bc5+ 19. Kh1 Nfg4 20. exd5
Kh8 21. Ne4 Qb6 22. dxe6 Re8 23. Rd5 Bd4 24. Qxb6 Bxb6 25. h3 Ne3 26. Rxe5 Nxf1
27. Bxf1 Bd4 28. Rd5 1-0

[Event "4e open Saint Chély d'Aubrac"]
[Site "Saint Chély d'Aubrac"]
[Date "2004.07.22"]
[Round "7.14"]
[White "Tanguy, Fabien"]
[Black "Coste, Thierry"]
[Result "1-0"]
[WhiteElo "2094"]
[BlackElo "2149"]
[PlyCount "159"]

1. g3 Nf6 2. Bg2 c6 3. c4 d6 4. d4 Nbd7 5. Nf3 e5 6. dxe5 dxe5 7. O-O Be7 8. b3
O-O 9. Qc2 Re8 10. Bb2 Qc7 11. Nc3 Bf8 12. Nd1 a5 13. Ne3 a4 14. Rad1 a3 15.
Ba1 g6 16. Ng5 Bg7 17. c5 h6 18. Nf3 Qa5 19. Qc4 Qxc5 20. Qxc5 Nxc5 21. Nxe5
Be6 22. Nd3 Nfe4 23. Bxg7 Kxg7 24. Nxc5 Nxc5 25. Rc1 Na6 26. Nc2 Bf5 27. e3 Bd3
28. Rfd1 Red8 29. Nxa3 Nb4 30. Nc4 Bxc4 31. Rxd8 Rxd8 32. bxc4 Nxa2 33. Rb1 Rd7
34. Bh3 Rc7 35. Rb3 Nc1 36. Ra3 b5 37. Bf1 bxc4 38. Bxc4 Rd7 39. Rc3 Rd1+ 40.
Kg2 h5 41. h4 Re1 42. Bf1 Na2 43. Rxc6 Nb4 44. Rd6 Rc1 45. Rd7 Rc5 46. e4 Nc2
47. Kf3 Kf6 48. Kf4 Ke6 49. Bh3+ f5 50. Ra7 Rc4 51. Ra6+ Kf7 52. Kg5 Nd4 53.
Ra7+ Kf8 54. Kxg6 fxe4 55. Kxh5 Rc2 56. Ra4 Rd2 57. Bg2 e3 58. fxe3 Rxg2 59.
Rxd4 Rxg3 60. Re4 Kf7 61. Rf4+ Ke8 62. e4 Ke7 63. Rg4 Ra3 64. Kg6 Kf8 65. e5
Re3 66. Rg5 Ra3 67. h5 Ra6+ 68. Kf5 Rb6 69. Rg6 Rb1 70. Rf6+ Kg8 71. e6 Rf1+
72. Ke5 Re1+ 73. Kd6 Rd1+ 74. Ke7 Ra1 75. Rg6+ Kh7 76. Kf7 Rf1+ 77. Rf6 Rg1 78.
e7 Rg7+ 79. Ke6 Rg8 80. Rf7+ 1-0

[Event "4e open Saint Chély d'Aubrac"]
[Site "Saint Chély d'Aubrac"]
[Date "2004.07.22"]
[Round "7.15"]
[White "Uhoda, Philippe"]
[Black "Duffau, Pascal"]
[Result "1-0"]
[WhiteElo "2140"]
[BlackElo "2081"]
[PlyCount "53"]

1. d4 Nf6 2. c4 e6 3. Nc3 d5 4. cxd5 exd5 5. Bg5 Be7 6. e3 O-O 7. Bd3 c5 8.
dxc5 Qa5 9. Nf3 Qxc5 10. Rc1 Be6 11. O-O Qb6 12. Na4 Qd8 13. Nd4 Nbd7 14. Qb3
Qa5 15. Qb5 Qxb5 16. Bxb5 Bd6 17. Bf4 Bb8 18. Rc2 Rd8 19. Rfc1 Kf8 20. Bg5 Ke7
21. f4 Nf8 22. Nc5 Bc8 23. Nd3 Bd6 24. Ne5 h5 25. h3 g6 26. Ndc6+ bxc6 27.
Nxc6+ 1-0

[Event "4e open Saint Chély d'Aubrac"]
[Site "Saint Chély d'Aubrac"]
[Date "2004.07.22"]
[Round "7.16"]
[White "Nass, Emile"]
[Black "Birens, Eric-Andre"]
[Result "0-1"]
[WhiteElo "2008"]
[BlackElo "2105"]
[PlyCount "52"]

1. d4 Nf6 2. Nf3 c5 3. c3 b6 4. Bf4 d6 5. e3 g6 6. Nbd2 Bb7 7. Be2 Bg7 8. O-O
O-O 9. a4 a6 10. Qc2 Nbd7 11. h3 Qc7 12. Rac1 Rac8 13. Ne1 Qb8 14. Bf3 cxd4 15.
exd4 Nd5 16. Bh2 e5 17. dxe5 dxe5 18. Qb3 Nc5 19. Qa2 Nf4 20. Bxf4 exf4 21.
Bxb7 Qxb7 22. Nef3 Qd7 23. a5 b5 24. Nb3 Qd5 25. Nfd2 f3 26. g3 Bh6 0-1

[Event "4e open Saint Chély d'Aubrac"]
[Site "Saint Chély d'Aubrac"]
[Date "2004.07.22"]
[Round "7.17"]
[White "Sivan, Michel"]
[Black "Crut, Aurelien"]
[Result "0-1"]
[WhiteElo "1984"]
[BlackElo "2355"]
[PlyCount "70"]

1. e4 e6 2. d4 d5 3. exd5 exd5 4. Bd3 c5 5. Nf3 c4 6. Be2 Nf6 7. Ne5 Be7 8. O-O
O-O 9. Nd2 Qb6 10. c3 Nc6 11. f4 Bd6 12. Kh1 Qc7 13. Qe1 Nd7 14. Bf3 Nb6 15. a4
a5 16. b3 cxb3 17. Nxb3 f6 18. Nxc6 bxc6 19. Ba3 Bxa3 20. Rxa3 Qd6 21. Ra1 Ba6
22. Rg1 Rfe8 23. Qf2 Bc4 24. Nd2 Bd3 25. Rge1 Qxf4 26. g3 Qd6 27. Rxe8+ Rxe8
28. Re1 Rxe1+ 29. Qxe1 Kf8 30. Bh5 Qe7 31. Qxe7+ Kxe7 32. Bd1 Nc4 33. Nf3 Be4
34. Kg2 Nd2 35. Kf2 Nxf3 0-1